Měnová politika pro rok 1995

Inflačné tlaky, ktorým čelí menová politika v r. 1995. Vzťah agregátneho dopytu a ponuky (rast peňažnej zásoby, vývoj úrokových sadzieb, vývoj kapitálového účtu). Vývoj agregátneho dopytu. Vývoj agregátnej ponuky.

Salvato in:
Dettagli Bibliografici
Autore principale: Pospíšil, J.
Natura: Capitolo di libro
Lingua:ceco
Soggetti:
Tags: Aggiungi Tag
Nessun Tag, puoi essere il primo ad aggiungerne!!

MARC

LEADER 00000naa a2200000 4500
001 r017604
005 20221205101659.7
041 0 |a cze 
044 |a CZ 
245 1 0 |a Měnová politika pro rok 1995  |c J. Pospíšil 
520 |a Inflačné tlaky, ktorým čelí menová politika v r. 1995. Vzťah agregátneho dopytu a ponuky (rast peňažnej zásoby, vývoj úrokových sadzieb, vývoj kapitálového účtu). Vývoj agregátneho dopytu. Vývoj agregátnej ponuky. 
610 2 0 |a politika menová 
610 2 0 |a Česko 
610 2 0 |a 1995 
610 2 0 |a inflácia 
610 2 0 |a dopyt 
610 2 0 |a ponuka 
610 2 0 |a agregáty menové 
610 2 0 |a zásoba peňažná 
610 2 0 |a ceny 
610 2 0 |a indexy cenové 
610 2 0 |a sadzby úrokové 
610 2 0 |a kapitál 
610 2 0 |a produkt domáci hrubý 
610 2 0 |a účty kapitálové 
100 1 |a Pospíšil, J.